Veľtržné novosti aqua-therm 3. medzinárodný odborný veľtrh vykurovania, vetrania, klimatizačnej, meracej, regulačnej, sanitárnej a ekologickej techniky Nitra 2001, 13.-16.2.

Bibliographic Details
Corporate Authors: Aqua therm Nitra, Slovensko (Author), Slovenská energetická agentúra (Bratislava, Slovensko) (Author), Progres Partners Advertising (Praha, Česko) (Author, ini)
Format: Conference Proceeding Book
Language:Slovak
PhysicalDescription:8 s. fotogr., rekl. 30 cm
Published: [Bratislava] Praha [Slovenská energetická agentúra] Progres Partners Advertising [2001]
Subjects:

MARC

LEADER 00000nam a2200000 a 4500
001 vtls001413184
003 SK-MaSNL
005 20260301162201.0
008 160415s2001 xo a y 0 slo
015 |a SNBE2001/04-02989 
035 |a SNK000367908 
040 |a SNK  |b slo  |c SNK  |e AACR2 
041 0 |a slo 
044 |a xo  |c SK 
080 |a 69:62:662.6/.9:330.123.7:339.174(083.9)  |2 1981 
080 |a 62  |2 1981 
080 |a 662.6/.9  |2 1981 
080 |a 330.123.7  |2 1981 
080 |a 339.174  |2 1981 
111 2 |a Aqua therm  |n (3. :  |d 2001 :  |c Nitra, Slovensko)  |4 aut  |9 35984 
245 1 |a Veľtržné novosti  |b aqua-therm 3. medzinárodný odborný veľtrh vykurovania, vetrania, klimatizačnej, meracej, regulačnej, sanitárnej a ekologickej techniky Nitra 2001, 13.-16.2.  |c usporiadateľ Progres Partners Advertising Praha 
260 |a [Bratislava]  |a Praha  |b [Slovenská energetická agentúra]  |b Progres Partners Advertising  |c [2001] 
300 |a 8 s.  |b fotogr., rekl.  |c 30 cm 
500 |a Súbež. podnázov angl. 
500 |a Voľné listy v prebale 
500 |a 150 výt. Nepredajné. 
610 0 7 |a Aqua-therm  |b 3.  |d 2001  |x spravodaje informačné  |2 SNK  |9 526298 
611 1 7 |a Aqua-therm  |n 3.  |d 2001  |c Nitra, Slovensko  |x spravodaje informačné  |2 SNK  |9 526299 
651 7 |a 403  |2 SNK  |9 287051 
655 7 |a informačné publikácie  |2 SNK  |9 70181 
710 0 |a Slovenská energetická agentúra (Bratislava, Slovensko)  |4 aut  |9 36717 
710 0 |a Progres Partners Advertising (Praha, Česko)  |4 aut  |4 ini  |9 33569 
958 |a TL 
999 |c 812321  |d 814251 
952 |t P60, <03>, [BOOK], {603}  |a SNK  |b SNK  |y PREZ  |7 0  |p 17A0300744  |o snkOSB 12972  |i snkKSP 6251/2001  |0 0  |1 0  |4 0  |d 2001-05-18  |l 0  |r 2005-01-02 00:00:00  |w 2026-02-24 
952 |t P60, <04>, [BOOK], {604}  |a SNK  |b SNK  |y VYP  |7 0  |p 17A0300743  |o snkOSB 12972 D1  |i snkKSP 6252/2001  |0 0  |1 0  |4 0  |d 2001-05-18  |l 0  |r 2005-01-02 00:00:00  |w 2026-02-24